000 00870nam a22003017a 4500
001 BR2013008413
003 BR-BrBNA
005 20230928104304.0
007 ta
008 230509b bl.||||| |||| 00| 0 por d
040 _aBR-BrBNA
_bpor
_cBiblioteca Nacional de Agricultura
041 _a(Por)
072 _aF70
_b2790
090 _ 2790 BR2013008413
100 1 _aRodrigues, R.R. (ed.)
100 1 _aSilva, I.C. da
110 1 _aEscola Superior de Agricultura Luiz de Queiroz, Piracicaba, SP (Brasil)
245 1 _aTrilhas do Parque da ESALQ: árvores medicinais
260 3 _aPiracicaba, SP (Brasil):
_c1996.
300 _a29 p.
500 _a8 ref.; Glossary p. 29; 64 illus
650 _aPLANTA MEDICINAL
650 _aBOTÂNICA
650 _aTAXONOMIA VEGETAL
650 _aNOMENCLATURA
909 _a202309
_bLucia
_c55
_dLucia Elande
942 _cBK
999 _c79118
_d79118